5HLuxD.jpg

KING HENRY VIII SENIOR AND PRIMARY SCHOOL LIBRARY OPAC

Revolver / (Record no. 648)

000 -LEADER
fixed length control field 01073cam a2200277 a 4500
001 - CONTROL NUMBER
control field 544903
003 - CONTROL NUMBER IDENTIFIER
control field SCU
005 - DATE AND TIME OF LATEST TRANSACTION
control field 20190910123846.0
008 - FIXED-LENGTH DATA ELEMENTS--GENERAL INFORMATION
fixed length control field 110922r20112009nyub j 000 1 eng d
020 ## - INTERNATIONAL STANDARD BOOK NUMBER
International Standard Book Number 9780312547974 (pbk.)
040 ## - CATALOGING SOURCE
Modifying agency SCU
Transcribing agency KH8
042 ## - AUTHENTICATION CODE
Authentication code nbic
082 ## - DEWEY DECIMAL CLASSIFICATION NUMBER
Classification number FIC SED
100 1# - MAIN ENTRY--PERSONAL NAME
Personal name Sedgwick, Marcus.
Relator term author
245 10 - TITLE STATEMENT
Title Revolver /
Statement of responsibility, etc. Marcus Sedgwick.
250 ## - EDITION STATEMENT
Edition statement 1st Square Fish ed.
260 ## - PUBLICATION, DISTRIBUTION, ETC.
Place of publication, distribution, etc. New York :
Name of publisher, distributor, etc. Square Fish,
Date of publication, distribution, etc. 2011, c2009.
300 ## - PHYSICAL DESCRIPTION
Extent 204 p. :
Other physical details map ;
Dimensions 21 cm.
500 ## - GENERAL NOTE
General note Originally published: London : Orion Children's Books, 2009. With additional material.
500 ## - GENERAL NOTE
General note Include author's note and interview.
520 ## - SUMMARY, ETC.
Summary, etc. Teenaged Sig Andersson, who lives in an isolated cabin in the Arctic Circle, confronts a stranger who has come to take revenge on Sig's dead father for his actions when the two men knew each other during the Alaska Gold Rush.
650 #0 - SUBJECT ADDED ENTRY--TOPICAL TERM
Topical term or geographic name entry element Fathers and sons
Form subdivision Juvenile fiction.
650 #0 - SUBJECT ADDED ENTRY--TOPICAL TERM
Topical term or geographic name entry element Revenge
Form subdivision Juvenile fiction.
651 #0 - SUBJECT ADDED ENTRY--GEOGRAPHIC NAME
Geographic name Alaska
General subdivision History
Chronological subdivision 1867-1959
Form subdivision Juvenile fiction.
942 ## - ADDED ENTRY ELEMENTS (KOHA)
Source of classification or shelving scheme
Koha item type Books - Fiction
Holdings
Withdrawn status Lost status Source of classification or shelving scheme Damaged status Not for loan Collection code Permanent Location Current Location Shelving location Date acquired Total Checkouts Full call number Barcode Date last seen Date last checked out Price effective from Koha item type
          Fiction KH8 Senior School Library KH8 Senior School Library Fiction 2019-09-10 3 FIC SED 3KHSL000101353 2024-07-22 2020-02-19 2019-09-10 Books - Fiction

Powered By KH8 IT Dept